Texas Basketball: Top 10 All-Time Leaders - Statistics

General Stats
  • This quiz has been taken 2 times
    0 since last reset
  • The average score is 0 of 92
Answer Stats
Category # Player Amount % Correct
Points 3 A.J. Abrams 1,969
0%
Steals 6 A.J. Abrams 179
0%
Three Pointers Made 1 A.J. Abrams 389
0%
Games 2 A.J. Abrams 144
0%
Steals 7 Albert Bunditt 170
0%
Blocks 2 Albert Bunditt 236
0%
Rebounds 7 Albert Burditt 795
0%
Assists 4 Alex Broadway 457
0%
Games T5 Alexis Wangmere 136
0%
Field Goal Percent 1 Alvin Heggs 58.5%
0%
Points 9 Andrew Jones 1,620
0%
Three Pointers Made 4 Andrew Jones 234
0%
Games T8 Andrew Jones 135
0%
Assists 2 B.J. Tyler 480
0%
Steals 3 B.J. Tyler 202
0%
Three Pointers Made 6 B.J. Tyler 216
0%
Points Per Game 4 B.J. Tyler 19.8
0%
Rebounds 6 Brad Buckman 808
0%
Blocks 6 Brad Buckman 168
0%
Three Pointers Made 8 Brandon Mouton 198
0%
Three Pointers Made 7 Brandy Perryman 210
0%
Games 1 Brock Cunningham 147
0%
Rebounds 10 Cameron Ridley 720
0%
Blocks 3 Cameron Ridley 220
0%
Field Goal Percent 9 Carlton Cooper 48.8%
0%
Rebounds 4 Chris Mihm 945
0%
Blocks 1 Chris Mihm 264
0%
Field Goal Percent 6 Chris Mihm 49.7%
0%
Blocks 8 Chris Owens 159
0%
Blocks 5 Connor Atchley 189
0%
Games T5 Connor Atchley 136
0%
Games T5 Connor Lammert 136
0%
Three Pointers Made 9 Courtney Ramey 194
0%
Points 5 Damion James 1,917
0%
Rebounds 1 Damion James 1,318
0%
Blocks 7 Damion James 163
0%
Games 3 Damion James 142
0%
Three Pointers Made T10 Daniel Gibson 175
0%
Games T8 Demarcus Holland 135
0%
Blocks 10 Dexter Pittman 124
0%
Assists 5 D.J. Augustin 452
0%
Points Per Game 9 D.J. Augustin 16.9
0%
Field Goal Percent 7 Gabe Muoneke 49.3%
0%
Assists 7 Isaiah Taylor 415
0%
Rebounds 2 James Thomas 1,077
0%
Three Pointers Made 5 Jase Febres 219
0%
Games T8 Jase Febres 135
0%
Assists 10 Javan Felix 366
0%
Points 8 Jim Krivacs 1,673
0%
Points Per Game 5 Jim Krivacs 19.5
0%
Points 7 Joey Wright 1,819
0%
Steals T8 Joey Wright 165
0%
Three Pointers Made T10 Joey Wright 175
0%
Points Per Game 6 Joey Wright 18.8
0%
Rebounds 9 Jonathan Holmes 749
0%
Assists 8 Justin Mason 378
0%
Games 4 Justin Mason 141
0%
Assists 9 Kerwin Roach 372
0%
Steals 10 Kerwin Roach 163
0%
Points 10 Kris Clack 1,592
0%
Rebounds 8 Kris Clack 771
0%
Steals 2 Kris Clack 239
0%
Steals 4 Lance Blanks 198
0%
Points Per Game 3 Lance Blanks 20.0
0%
Field Goal Percent 10 Larry Robinson 48.7%
0%
Points Per Game 2 Larry Robinson 21.5
0%
Rebounds 3 LaSalle Thompson 1,027
0%
Blocks 9 LaSalle Thompson 145
0%
Field Goal Percent 2 LaSalle Thompson 55.3%
0%
Points Per Game 10 LaSalle Thompson 16.8
0%
Assists 3 Matt Coleman III 477
0%
Field Goal Percent 3 P.J. Tucker 52.6%
0%
Blocks 4 Prince Ibeh 212
0%
Games T8 Prince Ibeh 135
0%
Field Goal Percent 8 Raymond Downs 48.9%
0%
Points Per Game 1 Raymond Downs 22.2
0%
Points 4 Reggie Freeman 1,958
0%
Steals 5 Reggie Freeman 193
0%
Three Pointers Made 3 Reggie Freeman 243
0%
Steals T8 Roderick Anderson 165
0%
Points 6 Ron Baxter 1,897
0%
Rebounds 5 Ron Baxter 916
0%
Field Goal Percent 5 Ron Baxter 50.6%
0%
Points 1 Terrence Rencher 2,306
0%
Assists 6 Terrence Rencher 440
0%
Steals 1 Terrence Rencher 255
0%
Points Per Game 7 Terrence Rencher 18.6
0%
Assists 1 T.J. Ford 527
0%
Points 2 Travis Mays 2,279
0%
Three Pointers Made 2 Travis Mays 246
0%
Points Per Game 8 Travis Mays 18.4
0%
Field Goal Percent 4 Wayne Doyal 50.9%
0%
No matching quizzes found
Score Distribution
Percent of People with Each Score
Percentile by Number Answered
Your Score History
You have not taken this quiz since the last reset